00747nam a2200145Ia 4500008004100000050001900041100003800060245008200098250001800180260003300198300001900231490003800250505029700288650001600585120626s1947 ag 000 0 spa d aB1034 bI6 P7  aIngenieros Josed1877-1925eautor aProposiciones relativas al porvenir de la filosofía c/ José Ingenieros a3a edición  aArgentinab: Losada c; 1947 a118 páginas  aBiblioteca contemporáneav: 189 aLa hipocresía de los filósofos La crisis filosófica del siglo XIX Hermenéutica y paleo-metafísica Perennidad de lo inexperiencial Los problemas de la metafísica La metafísica del porvenir El lenguaje filosófico La arquitectónica Los ideales humanos Proposiciones  0aFILOSOFÍA